[Event "CYCC U10"]
[Site "Sault Ste Marie CAN"]
[Date "2017.07.07"]
[Round "4"]
[White "Zhu, Matthew"]
[Black "Bocan, Richard"]
[Result "1/2-1/2"]
[WhiteElo "1318"]
[BlackElo "1086"]
[WhiteFideId "-1"]
[WhiteFideId "-1"]
[PlyCount "77"]
[GameId "2160767908344604"]
[EventDate "2017.07.06"]
[EventType "swiss"]
[EventRounds "7"]
[EventCountry "CAN"]
[SourceTitle "EXT 2022"]
[Source "ChessBase"]
[SourceDate "2021.10.06"]
[SourceVersion "1"]
[SourceVersionDate "2021.10.06"]
[SourceQuality "1"]

1. e4 c6 2. d4 d5 3. Nc3 dxe4 4. Nxe4 Nf6 5. Nxf6+ exf6 6. Nf3 Bf5 7. Bd3 Bxd3 8. Qxd3 Be7 9. O-O O-O 10. Bf4 Bd6 11. Bxd6 Qxd6 12. c4 c5 13. Qa3 Nd7 14. Rad1 Qb6 15. d5 Qd6 16. Rfe1 a6 17. Qc3 b5 18. b3 b4 19. Qb2 Rfe8 20. Re2 a5 21. Rde1 Rxe2 22. Qxe2 Kf8 23. Nh4 Qe5 24. Qe3 Qxe3 25. fxe3 a4 26. e4 axb3 27. axb3 Ra3 28. Re3 Ra2 29. Nf3 Ne5 30. Nxe5 fxe5 31. Kf1 Ke7 32. Re2 Ra3 33. Re3 Ra2 34. Re2 Ra3 35. Re3 Ra6 36. Kf2 g6 37. h3 f6 38. Kf3 Ra1 39. Kg3 1/2-1/2

[Event "CYCC U10"]
[Site "Sault Ste Marie CAN"]
[Date "2017.07.08"]
[Round "5"]
[White "Bitar, Cammeron"]
[Black "Latorre, Vincent"]
[Result "0-1"]
[WhiteElo "1063"]
[BlackElo "1200"]
[WhiteFideId "-1"]
[WhiteFideId "-1"]
[PlyCount "80"]
[GameId "2160767908344606"]
[EventDate "2017.07.06"]
[EventType "swiss"]
[EventRounds "7"]
[EventCountry "CAN"]
[SourceTitle "EXT 2022"]
[Source "ChessBase"]
[SourceDate "2021.10.06"]
[SourceVersion "1"]
[SourceVersionDate "2021.10.06"]
[SourceQuality "1"]

1. d4 d5 2. e3 Bf5 3. Nc3 e6 4. Be2 c5 5. Nf3 Nc6 6. O-O Bd6 7. Nb5 Be7 8. Nc3 a6 9. a4 Bd6 10. Nh4 Qxh4 11. g3 Qd8 12. Ra3 c4 13. Bf3 Bxa3 14. bxa3 Nf6 15. Qd2 O-O 16. e4 Nxe4 17. Nxe4 dxe4 18. Qg5 Qxg5 19. Bxg5 exf3 20. Rc1 Nxd4 21. c3 Ne2+ 22. Kh1 Nxc1 23. Bxc1 Rad8 24. h3 Rd1+ 25. Kh2 Bxh3 26. Kxh3 Rh1+ 27. Kg4 Rxc1 28. Kxf3 Rxc3+ 29. Ke4 Rxa3 30. Kd4 Rxa4 31. f4 b5 32. Kc3 Rd8 33. Kb2 Rd3 34. g4 f5 35. g5 Kf7 36. Kc2 Ra2+ 37. Kc1 Rh3 38. Kb1 Rg2 39. g6+ Kxg6 40. Kc1 Rh1# 0-1

[Event "CYCC U10"]
[Site "Sault Ste Marie CAN"]
[Date "2017.07.08"]
[Round "5"]
[White "Bocan, Richard"]
[Black "Ripley, Noah"]
[Result "1-0"]
[WhiteElo "1086"]
[BlackElo "814"]
[WhiteFideId "-1"]
[WhiteFideId "-1"]
[PlyCount "145"]
[GameId "2160767908344607"]
[EventDate "2017.07.06"]
[EventType "swiss"]
[EventRounds "7"]
[EventCountry "CAN"]
[SourceTitle "EXT 2022"]
[Source "ChessBase"]
[SourceDate "2021.10.06"]
[SourceVersion "1"]
[SourceVersionDate "2021.10.06"]
[SourceQuality "1"]

1. d4 d5 2. c4 e6 3. Nc3 Nf6 4. e3 Nbd7 5. Bd3 c6 6. Bd2 Be7 7. Qc2 a6 8. f4 dxc4 9. Bxc4 b5 10. Bd3 c5 11. Nf3 Bb7 12. Ne4 c4 13. Nxf6+ Nxf6 14. Be2 O-O 15. O-O Ne4 16. g4 h6 17. Be1 f5 18. Ne5 Bf6 19. Rc1 Rc8 20. Ra1 Qd5 21. gxf5 exf5 22. Bf3 g5 23. Bxe4 Qxe4 24. Qxe4 Bxe4 25. Nd7 Rf7 26. Nc5 Bb7 27. Nxb7 Rxb7 28. Bd2 Re8 29. Rae1 Kg7 30. fxg5 hxg5 31. Rxf5 Kg6 32. Rf2 Re4 33. Ref1 Rf7 34. Rf5 Rg4+ 35. Kh1 Re4 36. Rc5 Rg4 37. Rc6 Re4 38. Rxa6 Re8 39. Rb6 Ra8 40. a3 Kg7 41. Rxb5 Rh8 42. Rbf5 Kg6 43. e4 Rhh7 44. e5 Be7 45. Rxf7 Rxf7 46. Rxf7 Kxf7 47. Kg2 Bd8 48. Kf3 Ke6 49. Kg4 Kd5 50. Bxg5 Bxg5 51. Kxg5 Kxd4 52. Kf6 Kd3 53. e6 Kc2 54. e7 Kxb2 55. e8=Q c3 56. Qe3 c2 57. a4 c1=R 58. Qxc1+ Kxc1 59. a5 Kb2 60. a6 Kb3 61. a7 Kb4 62. a8=Q Kc4 63. h4 Kc5 64. h5 Kc4 65. h6 Kc5 66. h7 Kc4 67. h8=Q Kd4 68. Qh4+ Kc5 69. Qa5+ Kd6 70. Qd4+ Kc6 71. Qdb6+ Kd7 72. Qaa7+ Kc8 73. Qbb8# 1-0

[Event "CYCC U10"]
[Site "Sault Ste Marie CAN"]
[Date "2017.07.08"]
[Round "5"]
[White "Borysenko, Andrii"]
[Black "Beliveau, Mathieu"]
[Result "1-0"]
[WhiteElo "1425"]
[BlackElo "1097"]
[WhiteFideId "-1"]
[WhiteFideId "-1"]
[PlyCount "79"]
[GameId "2160767908344608"]
[EventDate "2017.07.06"]
[EventType "swiss"]
[EventRounds "7"]
[EventCountry "CAN"]
[SourceTitle "EXT 2022"]
[Source "ChessBase"]
[SourceDate "2021.10.06"]
[SourceVersion "1"]
[SourceVersionDate "2021.10.06"]
[SourceQuality "1"]

1. d4 Nf6 2. c4 g6 3. Nc3 Bg7 4. e4 d6 5. f3 O-O 6. Be3 e5 7. d5 Na6 8. Nge2 Nd7 9. Qd2 Nac5 10. O-O-O f5 11. Kb1 fxe4 12. fxe4 b6 13. g3 Ba6 14. b4 Rb8 15. Kc1 Bxc4 16. bxc5 bxc5 17. Qc2 Rb4 18. Kd2 Qb8 19. Ke1 Rb2 20. Qa4 Bb5 21. Nxb5 Qxb5 22. Qxb5 Rxb5 23. Nc3 Rb2 24. Rb1 Rc2 25. Bd2 Rf3 26. Be2 Rfxc3 27. Bxc3 Rxc3 28. Rf1 Nf6 29. g4 Nxe4 30. Rb8+ Bf8 31. Rfxf8+ Kg7 32. Rg8+ Kh6 33. h4 Rc1+ 34. Bd1 g5 35. hxg5+ Nxg5 36. Rbf8 Ne4 37. Rf5 Rxd1+ 38. Kxd1 Nf2+ 39. Rxf2 e4 40. Rh2# 1-0

[Event "CYCC U10"]
[Site "Sault Ste Marie CAN"]
[Date "2017.07.08"]
[Round "5"]
[White "Chen, Derek1"]
[Black "Adrik de Leon, Raf"]
[Result "1-0"]
[WhiteElo "1336"]
[BlackElo "965"]
[WhiteFideId "-1"]
[WhiteFideId "-1"]
[PlyCount "61"]
[GameId "2160767908344610"]
[EventDate "2017.07.06"]
[EventType "swiss"]
[EventRounds "7"]
[EventCountry "CAN"]
[SourceTitle "EXT 2022"]
[Source "ChessBase"]
[SourceDate "2021.10.06"]
[SourceVersion "1"]
[SourceVersionDate "2021.10.06"]
[SourceQuality "1"]

1. e4 c5 2. Nf3 d6 3. d4 cxd4 4. Nxd4 Nf6 5. Nc3 g6 6. Be2 Bg7 7. Be3 Bd7 8. Qd2 O-O 9. h4 h5 10. f3 Qc8 11. Nd5 Nxd5 12. exd5 e5 13. dxe6 fxe6 14. g4 e5 15. Nb3 hxg4 16. h5 gxh5 17. Rxh5 gxf3 18. Bd3 Bf5 19. O-O-O Bxd3 20. Qxd3 Qg4 21. Qh7+ Kf7 22. Rg1 Qe6 23. Rxg7+ Ke8 24. Rh6 Qf5 25. Re7+ Kd8 26. Rxd6+ Nd7 27. Rdxd7+ Kc8 28. Rc7+ Kb8 29. Rxb7+ Kc8 30. Rec7+ Kd8 31. Qe7# 1-0

[Event "CYCC U10"]
[Site "Sault Ste Marie CAN"]
[Date "2017.07.08"]
[Round "5"]
[White "Chen, Max"]
[Black "Ghazarian, Tigran"]
[Result "1-0"]
[WhiteElo "1974"]
[BlackElo "1825"]
[WhiteFideId "-1"]
[WhiteFideId "-1"]
[PlyCount "45"]
[GameId "2160767908344611"]
[EventDate "2017.07.06"]
[EventType "swiss"]
[EventRounds "7"]
[EventCountry "CAN"]
[SourceTitle "EXT 2022"]
[Source "ChessBase"]
[SourceDate "2021.10.06"]
[SourceVersion "1"]
[SourceVersionDate "2021.10.06"]
[SourceQuality "1"]

1. e4 c5 2. Nf3 Nc6 3. Bb5 g6 4. O-O Bg7 5. c3 Nf6 6. Re1 O-O 7. h3 Qb6 8. Bf1 d5 9. exd5 Nxd5 10. Na3 Bf5 11. Nc4 Qc7 12. Ne3 Nxe3 13. dxe3 Rfd8 14. Bd2 Be4 15. Ng5 Bf5 16. e4 Bf6 17. Nxf7 Kxf7 18. exf5 gxf5 19. Qh5+ Kg8 20. Bc4+ Kh8 21. Bh6 Ne5 22. Bf4 e6 23. Qe2 1-0

[Event "CYCC U10"]
[Site "Sault Ste Marie CAN"]
[Date "2017.07.08"]
[Round "5"]
[White "Gao, William"]
[Black "Huang, Youhe"]
[Result "0-1"]
[WhiteElo "1313"]
[BlackElo "1448"]
[WhiteFideId "-1"]
[WhiteFideId "-1"]
[PlyCount "128"]
[GameId "2160767908344612"]
[EventDate "2017.07.06"]
[EventType "swiss"]
[EventRounds "7"]
[EventCountry "CAN"]
[SourceTitle "EXT 2022"]
[Source "ChessBase"]
[SourceDate "2021.10.06"]
[SourceVersion "1"]
[SourceVersionDate "2021.10.06"]
[SourceQuality "1"]

1. e4 e6 2. d4 d5 3. Nc3 Bb4 4. e5 c5 5. Nf3 Nc6 6. a3 Bxc3+ 7. bxc3 Qa5 8. Bd2 c4 9. Be2 Nge7 10. O-O Bd7 11. Re1 O-O-O 12. Ng5 Rdf8 13. Qb1 Kb8 14. Qb2 Bc8 15. Reb1 Qc7 16. f4 f6 17. exf6 gxf6 18. Nh3 Rhg8 19. Rf1 Nf5 20. Kh1 Qg7 21. Rg1 Qh6 22. Rab1 Rf7 23. Qb5 Ka8 24. Bf3 Rfg7 25. a4 Ncxd4 26. cxd4 Nxd4 27. Qc5 Nxf3 28. gxf3 Qxh3 29. Qf2 Rxg1+ 30. Rxg1 Rxg1+ 31. Kxg1 Qh5 32. Qc5 Qe8 33. Bc3 b6 34. Qc7 Qd7 35. Qxd7 Bxd7 36. Bd4 f5 37. c3 Bxa4 38. Kg2 Kb7 39. Kg3 a5 40. Kh4 Be8 41. Be3 a4 42. Bc1 b5 43. Ba3 b4 44. Bxb4 Kb6 45. Kg5 d4 46. cxd4 Kb5 47. Ba3 c3 48. Kf6 Kc4 49. Kxe6 Kxd4 50. Kxf5 Kc4 51. Ke6 Kb3 52. Bd6 c2 53. Ke7 c1=Q 54. Kxe8 Qc8+ 55. Kf7 Qd7+ 56. Be7 Qf5+ 57. Kg7 Qxf4 58. Kxh7 Qxh2+ 59. Bh4 Qxh4+ 60. Kg6 a3 61. Kf5 a2 62. f4 a1=Q 63. Ke6 Qhf6+ 64. Kd5 Qad4# 0-1

[Event "CYCC U10"]
[Site "Sault Ste Marie CAN"]
[Date "2017.07.08"]
[Round "5"]
[White "Locham, Divjot"]
[Black "Srinivas, Atharva"]
[Result "0-1"]
[WhiteElo "1119"]
[BlackElo "1383"]
[WhiteFideId "-1"]
[WhiteFideId "-1"]
[PlyCount "110"]
[GameId "2160767908344613"]
[EventDate "2017.07.06"]
[EventType "swiss"]
[EventRounds "7"]
[EventCountry "CAN"]
[SourceTitle "EXT 2022"]
[Source "ChessBase"]
[SourceDate "2021.10.06"]
[SourceVersion "1"]
[SourceVersionDate "2021.10.06"]
[SourceQuality "1"]

1. e4 e5 2. Nf3 Nc6 3. Nc3 Nf6 4. Be2 d5 5. exd5 Nxd5 6. O-O Nxc3 7. bxc3 Bd6 8. d4 O-O 9. Bg5 f6 10. Bh4 Bf5 11. Re1 Kh8 12. dxe5 Nxe5 13. Nd4 Qd7 14. Bb5 Qc8 15. f4 Ng6 16. Bg3 a6 17. Bd3 Bxd3 18. cxd3 Bxf4 19. Ne6 Bxg3 20. Nxf8 Bxe1 21. Nxg6+ hxg6 22. Qxe1 Qf5 23. Qh4+ Qh5 24. Qe4 Qc5+ 25. Qd4 Qxd4+ 26. cxd4 Rd8 27. Rc1 c6 28. Rc4 Kg8 29. Kf2 Kf7 30. Kf3 f5 31. g4 Kf6 32. h4 Rd5 33. g5+ Ke6 34. Ke3 Ra5 35. Rc2 Rd5 36. Rc4 Kd6 37. Rc5 Rxc5 38. dxc5+ Kxc5 39. Kf4 Kd6 40. Ke3 b5 41. d4 a5 42. Kd3 Kd5 43. a3 b4 44. a4 b3 45. Kc3 f4 46. Kxb3 f3 47. h5 gxh5 48. g6 f2 49. Ka3 f1=Q 50. Ka2 Qc4+ 51. Ka3 Qb4+ 52. Ka2 Kc4 53. d5 Kc3 54. dxc6 Kc2 55. c7 Qxa4# 0-1

[Event "CYCC U10"]
[Site "Sault Ste Marie CAN"]
[Date "2017.07.08"]
[Round "5"]
[White "Ning, Eric"]
[Black "Guipi Bopala, Prince Eric jr"]
[Result "1/2-1/2"]
[WhiteElo "1922"]
[BlackElo "1814"]
[WhiteFideId "-1"]
[WhiteFideId "-1"]
[PlyCount "62"]
[GameId "2160767908344614"]
[EventDate "2017.07.06"]
[EventType "swiss"]
[EventRounds "7"]
[EventCountry "CAN"]
[SourceTitle "EXT 2022"]
[Source "ChessBase"]
[SourceDate "2021.10.06"]
[SourceVersion "1"]
[SourceVersionDate "2021.10.06"]
[SourceQuality "1"]

1. d4 f5 2. c4 Nf6 3. Nc3 e6 4. a3 c6 5. Nf3 Be7 6. Qc2 O-O 7. g3 d5 8. cxd5 exd5 9. Bg2 Ne4 10. Ne5 Nd7 11. Nxd7 Bxd7 12. Bf4 Bf6 13. Nxe4 fxe4 14. Rd1 Bf5 15. Be3 Qd7 16. Qb3 Kh8 17. Rb1 Bd8 18. Qb4 Be7 19. Qb3 Bd6 20. h3 Be6 21. Qa4 Qc7 22. g4 Rf7 23. Rf1 a6 24. Rc1 Raf8 25. b4 Bf4 26. Qb3 Bxe3 27. Qxe3 Qh2 28. Qg3 Qxg3 29. fxg3 h6 30. Rxf7 Rxf7 31. e3 g5 1/2-1/2

[Event "CYCC U10"]
[Site "Sault Ste Marie CAN"]
[Date "2017.07.08"]
[Round "5"]
[White "Parent, Etienne"]
[Black "Liu, Henry"]
[Result "0-1"]
[WhiteElo "1039"]
[BlackElo "1547"]
[WhiteFideId "-1"]
[WhiteFideId "-1"]
[PlyCount "41"]
[GameId "2160767908344616"]
[EventDate "2017.07.06"]
[EventType "swiss"]
[EventRounds "7"]
[EventCountry "CAN"]
[SourceTitle "EXT 2022"]
[Source "ChessBase"]
[SourceDate "2021.10.06"]
[SourceVersion "1"]
[SourceVersionDate "2021.10.06"]
[SourceQuality "1"]

1. e4 e6 2. Nc3 c5 3. d3 Nc6 4. Nb5 a6 5. Nd6+ Bxd6 6. Nf3 Bc7 7. Be2 Nge7 8. Bg5 O-O 9. O-O d5 10. c4 f6 11. Be3 d4 12. Bd2 b5 13. Rb1 Bb7 14. g3 Ba5 15. a3 Bxd2 16. Nxd2 bxc4 17. dxc4 Nc8 18. Nb3 Qe7 19. Bd3 Nb6 20. Qe1 Ne5 21. Qd2 0-1

[Event "CYCC U10"]
[Site "Sault Ste Marie CAN"]
[Date "2017.07.08"]
[Round "5"]
[White "Ripley, Sam"]
[Black "Qiu, James"]
[Result "1-0"]
[WhiteElo "876"]
[BlackElo "1152"]
[WhiteFideId "-1"]
[WhiteFideId "-1"]
[PlyCount "61"]
[GameId "2160767908344617"]
[EventDate "2017.07.06"]
[EventType "swiss"]
[EventRounds "7"]
[EventCountry "CAN"]
[SourceTitle "EXT 2022"]
[Source "ChessBase"]
[SourceDate "2021.10.06"]
[SourceVersion "1"]
[SourceVersionDate "2021.10.06"]
[SourceQuality "1"]

1. e4 e6 2. d4 d5 3. exd5 exd5 4. Nf3 Nf6 5. Bg5 Be7 6. Bd3 O-O 7. c3 Bg4 8. h3 Bh5 9. Nbd2 Re8 10. O-O Nbd7 11. Qc2 c6 12. Ne5 Bg6 13. Nxg6 fxg6 14. Bxf6 Bxf6 15. Rfe1 Qc7 16. Nf3 b6 17. Re3 Be7 18. Rae1 Nf6 19. Qe2 Bd6 20. Ng5 c5 21. Qf3 Rf8 22. Ne6 Qf7 23. Nxf8 Rxf8 24. Re6 Bb8 25. Re7 Bh2+ 26. Kh1 Ng4 27. Rxf7 Nf6 28. Rxf8+ Kxf8 29. Kxh2 h5 30. Bxg6 Kg8 31. Re8+ 1-0

[Event "CYCC U10"]
[Site "Sault Ste Marie CAN"]
[Date "2017.07.08"]
[Round "5"]
[White "Sharma, Vishruth"]
[Black "Chen, Andrew2"]
[Result "1-0"]
[WhiteElo "1719"]
[BlackElo "1009"]
[WhiteFideId "-1"]
[WhiteFideId "-1"]
[PlyCount "101"]
[GameId "2160767908344618"]
[EventDate "2017.07.06"]
[EventType "swiss"]
[EventRounds "7"]
[EventCountry "CAN"]
[SourceTitle "EXT 2022"]
[Source "ChessBase"]
[SourceDate "2021.10.06"]
[SourceVersion "1"]
[SourceVersionDate "2021.10.06"]
[SourceQuality "1"]

1. e4 d5 2. exd5 Nf6 3. Nc3 Nxd5 4. Bc4 Nb6 5. Bb3 e5 6. d3 Nc6 7. Be3 Bf5 8. Nge2 Nd4 9. O-O Be7 10. Ng3 Bg6 11. Bxd4 exd4 12. Nce4 O-O 13. f4 Bh4 14. f5 Bxg3 15. Nxg3 Bxf5 16. Nxf5 c5 17. Kh1 Qd7 18. a4 a5 19. Qf3 Kh8 20. Rae1 Rae8 21. Rxe8 Rxe8 22. Qg3 f6 23. Nd6 Rf8 24. Nf7+ Rxf7 25. Qb8+ Nc8 26. Bxf7 Qxf7 27. Qxc8+ Qg8 28. Qxg8+ Kxg8 29. Rf5 b6 30. Rd5 Kf7 31. Rd6 Ke7 32. Rxb6 Kd7 33. Rb7+ Kd6 34. Rxg7 h5 35. Rh7 h4 36. Rxh4 f5 37. Rf4 c4 38. Rxd4+ Kc5 39. Rxc4+ Kd5 40. h4 Ke6 41. h5 Kf7 42. Rh4 Kg7 43. h6+ Kh7 44. Kg1 f4 45. Kh1 f3 46. gxf3 Kg8 47. h7+ Kh8 48. Kg1 Kg7 49. h8=Q+ Kg6 50. Rh6+ Kg5 51. Qf6# 1-0

[Event "CYCC U10"]
[Site "Sault Ste Marie CAN"]
[Date "2017.07.08"]
[Round "5"]
[White "Vo, Peter"]
[Black "Brunet, Alexandre"]
[Result "1-0"]
[WhiteElo "1362"]
[BlackElo "356"]
[WhiteFideId "-1"]
[WhiteFideId "-1"]
[PlyCount "67"]
[GameId "2160767908344619"]
[EventDate "2017.07.06"]
[EventType "swiss"]
[EventRounds "7"]
[EventCountry "CAN"]
[SourceTitle "EXT 2022"]
[Source "ChessBase"]
[SourceDate "2021.10.06"]
[SourceVersion "1"]
[SourceVersionDate "2021.10.06"]
[SourceQuality "1"]

1. e4 e5 2. Nf3 Nc6 3. Bb5 a6 4. Ba4 Nf6 5. O-O d6 6. Re1 Bg4 7. h3 Bh5 8. c3 Be7 9. d3 Nd7 10. Nbd2 Bh4 11. Bb3 O-O 12. Re3 Qf6 13. Qe1 Ne7 14. Nxh4 Qxh4 15. Nf3 Qf4 16. Re2 Qf6 17. g4 d5 18. gxh5 dxe4 19. Bg5 Qxf3 20. Bxe7 Rfe8 21. Bh4 exd3 22. Re3 Qxh5 23. Bg3 Qxh3 24. Rxd3 Nc5 25. Re3 Nd7 26. Rf3 Qg4 27. Rxf7 Kh8 28. Qd1 Qg6 29. Rxd7 Qg5 30. Qd2 Qf6 31. Rxc7 Red8 32. Qe3 Rac8 33. Qxe5 Qb6 34. Qxg7# 1-0

[Event "CYCC U10"]
[Site "Sault Ste Marie CAN"]
[Date "2017.07.08"]
[Round "5"]
[White "Wang, Andrew1"]
[Black "Chen, Grant"]
[Result "1/2-1/2"]
[WhiteElo "1196"]
[BlackElo "817"]
[WhiteFideId "-1"]
[WhiteFideId "-1"]
[PlyCount "63"]
[GameId "2160767908344620"]
[EventDate "2017.07.06"]
[EventType "swiss"]
[EventRounds "7"]
[EventCountry "CAN"]
[SourceTitle "EXT 2022"]
[Source "ChessBase"]
[SourceDate "2021.10.06"]
[SourceVersion "1"]
[SourceVersionDate "2021.10.06"]
[SourceQuality "1"]

1. Nf3 Nf6 2. c4 d5 3. b3 e6 4. Bb2 Be7 5. Nc3 c6 6. d4 Bb4 7. a3 Ba5 8. g3 Ne4 9. Qc2 f5 10. Ne5 O-O 11. Bg2 Nd7 12. Nxd7 Bxd7 13. Bxe4 dxe4 14. O-O Qe8 15. b4 Bb6 16. c5 Bc7 17. f3 exf3 18. Rxf3 Qh5 19. Raf1 Qh3 20. e3 Be8 21. Qg2 Qg4 22. e4 Bh5 23. e5 Qxd4+ 24. R3f2 Bxe5 25. Nd1 Qd3 26. Bxe5 Qxa3 27. Bd6 Rf7 28. Rb2 Qd3 29. Rd2 Qc4 30. Rf4 Qb5 31. Nc3 Qa6 32. Rfd4 1/2-1/2

[Event "CYCC U10"]
[Site "Sault Ste Marie CAN"]
[Date "2017.07.08"]
[Round "5"]
[White "Wang, Daniel Z"]
[Black "Xie, Austin"]
[Result "1-0"]
[WhiteElo "980"]
[BlackElo "1348"]
[WhiteFideId "-1"]
[WhiteFideId "-1"]
[PlyCount "97"]
[GameId "2160767908344621"]
[EventDate "2017.07.06"]
[EventType "swiss"]
[EventRounds "7"]
[EventCountry "CAN"]

1. e4 e6 2. d4 d5 3. Nc3 Nf6 4. Bd3 b6 5. Nf3 Ba6 6. O-O dxe4 7. Bxa6 exf3 8. Bb7 fxg2 9. Re1 Nbd7 10. Bxa8 Qxa8 11. d5 Nc5 12. dxe6 Nxe6 13. Bf4 Bc5 14. Nb5 O-O 15. Nxc7 Nxc7 16. Bxc7 Nd5 17. Bg3 Rd8 18. Qf3 Bd6 19. Bxd6 Rxd6 20. Rad1 Rd8 21. Rxd5 Rxd5 22. Qxd5 Qc8 23. Rd1 h6 24. Qd8+ Qxd8 25. Rxd8+ Kh7 26. Kxg2 a5 27. Rb8 f6 28. Rxb6 Kg6 29. Ra6 Kg5 30. Rxa5+ Kg4 31. b4 f5 32. b5 g5 33. b6 h5 34. Ra4+ f4 35. h3+ Kh4 36. Rxf4+ gxf4 37. b7 f3+ 38. Kxf3 Kxh3 39. b8=Q h4 40. Qg3+ hxg3 41. fxg3 Kh2 42. a4 Kh3 43. a5 Kh2 44. a6 Kh3 45. a7 Kh2 46. a8=Q Kg1 47. Qa1+ Kh2 48. c3 Kh3 49. Qh1# 1-0

[Event "CYCC U10"]
[Site "Sault Ste Marie CAN"]
[Date "2017.07.08"]
[Round "5"]
[White "Wang, Daniel1"]
[Black "Xu, Daniel"]
[Result "1-0"]
[WhiteElo "1285"]
[BlackElo "1941"]
[WhiteFideId "-1"]
[WhiteFideId "-1"]
[PlyCount "51"]
[GameId "2160767908344622"]
[EventDate "2017.07.06"]
[EventType "swiss"]
[EventRounds "7"]
[EventCountry "CAN"]
[SourceTitle "EXT 2022"]
[Source "ChessBase"]
[SourceDate "2021.10.06"]
[SourceVersion "1"]
[SourceVersionDate "2021.10.06"]
[SourceQuality "1"]

1. e4 e5 2. Bc4 Bc5 3. Nf3 Nc6 4. d3 Nf6 5. c3 d6 6. h3 a6 7. Bb3 Bd7 8. Nbd2 h6 9. Nf1 Ne7 10. Ng3 c6 11. O-O Qc7 12. d4 exd4 13. cxd4 Bb6 14. e5 dxe5 15. Nxe5 O-O 16. Bf4 Ned5 17. Nxd7 Qxd7 18. Be5 Rfe8 19. Nh5 Nxh5 20. Qxh5 Rad8 21. Rad1 Bc7 22. Rd3 Qe7 23. f4 Bb6 24. Bxg7 Kxg7 25. Rg3+ Kf6 26. Qxh6+ 1-0

[Event "CYCC U10"]
[Site "Sault Ste Marie CAN"]
[Date "2017.07.08"]
[Round "5"]
[White "Wu, Stanley"]
[Black "Zhu, Matthew"]
[Result "0-1"]
[WhiteElo "928"]
[BlackElo "1318"]
[WhiteFideId "-1"]
[WhiteFideId "-1"]
[PlyCount "80"]
[GameId "2160767908344623"]
[EventDate "2017.07.06"]
[EventType "swiss"]
[EventRounds "7"]
[EventCountry "CAN"]
[SourceTitle "EXT 2022"]
[Source "ChessBase"]
[SourceDate "2021.10.06"]
[SourceVersion "1"]
[SourceVersionDate "2021.10.06"]
[SourceQuality "1"]

1. e4 c5 2. Nc3 Nc6 3. Nf3 d6 4. Bc4 e6 5. d3 Nf6 6. Bd2 Be7 7. O-O O-O 8. a3 a6 9. Re1 Qc7 10. h3 Rd8 11. Be3 d5 12. exd5 exd5 13. Ba2 d4 14. Bxd4 cxd4 15. Ne4 Nxe4 16. Rxe4 Bf5 17. Re2 Re8 18. Qe1 Kf8 19. Ne5 Nxe5 20. Rxe5 Bxa3 21. Rxe8+ Rxe8 22. Qd2 Be7 23. Re1 Bd6 24. Rxe8+ Kxe8 25. Qe2+ Qe7 26. Qxe7+ Kxe7 27. g4 Be6 28. Bxe6 Kxe6 29. Kg2 Kf6 30. Kf3 Ke5 31. Kg3 Kd5+ 32. Kf3 b5 33. Ke2 Ke5 34. Kf3 a5 35. Ke2 a4 36. Kd2 b4 37. Kc1 Kf4 38. Kb1 Kf3 39. Ka2 Kxf2 40. b3 a3 0-1

[Event "CYCC U10"]
[Site "Sault Ste Marie CAN"]
[Date "2017.07.08"]
[Round "5"]
[White "Yuan, Henry"]
[Black "Wang, David"]
[Result "1/2-1/2"]
[WhiteElo "961"]
[BlackElo "1285"]
[WhiteFideId "-1"]
[WhiteFideId "-1"]
[PlyCount "49"]
[GameId "2160767908344625"]
[EventDate "2017.07.06"]
[EventType "swiss"]
[EventRounds "7"]
[EventCountry "CAN"]
[SourceTitle "EXT 2022"]
[Source "ChessBase"]
[SourceDate "2021.10.06"]
[SourceVersion "1"]
[SourceVersionDate "2021.10.06"]
[SourceQuality "1"]

1. e4 e5 2. Nf3 Nc6 3. Bc4 Bc5 4. O-O Nf6 5. c3 O-O 6. d4 exd4 7. cxd4 d5 8. exd5 Nxd5 9. dxc5 Nf6 10. Nc3 h6 11. Be3 Bg4 12. h3 Bh5 13. Be2 Qe7 14. Nd4 Bxe2 15. Nxc6 Qxe3 16. Nxe2 Qxc5 17. Ncd4 Rad8 18. Nb3 Rxd1 19. Nxc5 Rd2 20. Nc1 Rxb2 21. N1d3 Rb5 22. a4 Rb6 23. f4 Rd6 24. Ne5 b6 25. Nb7 1/2-1/2

[Event "CYCC U10"]
[Site "Sault Ste Marie CAN"]
[Date "2017.07.08"]
[Round "5"]
[White "Yuen, Noah"]
[Black "Xu, Xinge"]
[Result "1-0"]
[WhiteElo "1218"]
[BlackElo "910"]
[WhiteFideId "-1"]
[WhiteFideId "-1"]
[PlyCount "137"]
[GameId "2160767908344626"]
[EventDate "2017.07.06"]
[EventType "swiss"]
[EventRounds "7"]
[EventCountry "CAN"]
[SourceTitle "EXT 2022"]
[Source "ChessBase"]
[SourceDate "2021.10.06"]
[SourceVersion "1"]
[SourceVersionDate "2021.10.06"]
[SourceQuality "1"]

1. d4 d5 2. c4 e6 3. Nc3 Nf6 4. Bg5 c6 5. e3 Nbd7 6. Nf3 h6 7. Bh4 Bb4 8. Qc2 g5 9. Bg3 Ne4 10. Bd3 f5 11. O-O b6 12. Ne5 Nxe5 13. Bxe5 Rg8 14. Nxe4 dxe4 15. Be2 g4 16. a3 Bd6 17. Bg3 Bxg3 18. fxg3 Bb7 19. c5 b5 20. Qb3 Qd5 21. Qxd5 exd5 22. Rxf5 a5 23. Rf6 h5 24. Raf1 b4 25. Rh6 Rg5 26. Rh8+ Kd7 27. Rh7+ Ke6 28. Rxb7 bxa3 29. Rff7 Re8 30. bxa3 Rf5 31. Rfc7 Kf6 32. Rxc6+ Re6 33. Rcb6 Rxb6 34. cxb6 Kg6 35. Rb8 Rf6 36. b7 Rb6 37. Rg8+ Kf7 38. b8=Q Rxb8 39. Rxb8 Kf6 40. Ra8 Kg5 41. Rxa5 h4 42. Rxd5+ Kf6 43. gxh4 g3 44. hxg3 Ke6 45. Re5+ Kd6 46. Rxe4 Kd5 47. Re5+ Kc6 48. h5 Kb6 49. h6 Kc7 50. h7 Kd6 51. h8=Q Kd7 52. g4 Kc6 53. g5 Kd6 54. g6 Kd7 55. g7 Kd6 56. g8=Q Kd7 57. Re7+ Kxe7 58. Qd8+ Kf7 59. a4 Ke6 60. a5 Kf5 61. a6 Ke4 62. a7 Kf5 63. a8=Q Ke6 64. g4 Kf7 65. g5 Ke6 66. g6 Kf5 67. g7 Ke6 68. g8=Q+ Kf5 69. Qg4# 1-0

[Event "CYCC U10"]
[Site "Sault Ste Marie CAN"]
[Date "2017.07.08"]
[Round "5"]
[White "Zhang, Jonathan"]
[Black "Wang, Yinan"]
[Result "1-0"]
[WhiteElo "1278"]
[BlackElo "952"]
[WhiteFideId "-1"]
[WhiteFideId "-1"]
[PlyCount "77"]
[GameId "2160767908344627"]
[EventDate "2017.07.06"]
[EventType "swiss"]
[EventRounds "7"]
[EventCountry "CAN"]
[SourceTitle "EXT 2022"]
[Source "ChessBase"]
[SourceDate "2021.10.06"]
[SourceVersion "1"]
[SourceVersionDate "2021.10.06"]
[SourceQuality "1"]

1. e4 d5 2. exd5 Qxd5 3. Nc3 Qe5+ 4. Be2 Nf6 5. Nf3 Qd6 6. d4 Nc6 7. O-O Bf5 8. Nb5 Qd7 9. c4 a6 10. Nc3 e6 11. Bf4 O-O-O 12. Be3 Ng4 13. a3 Nxe3 14. fxe3 Bd6 15. e4 Bg6 16. d5 exd5 17. exd5 Ne5 18. Nxe5 Bxe5 19. Bg4 f5 20. Bh3 Qd6 21. Bxf5+ Bxf5 22. Rxf5 Bxh2+ 23. Kh1 Rde8 24. Qg4 Kb8 25. Qh3 Be5 26. Qf3 Qh6+ 27. Rh5 Qd6 28. Rb1 Rhf8 29. Qh3 Qf6 30. Qd3 Re7 31. Re1 Ka7 32. Qe3+ b6 33. Rxe5 Rxe5 34. Qxe5 Qd8 35. Qg3 Rf5 36. Re5 Rf1+ 37. Kh2 Qf6 38. Re6 Qf5 39. Qxc7+ 1-0